[Event "18th Aeroflot Open-A 2020"]
[Site "Moscow"]
[Date "2020.02.20"]
[Round "2.13"]
[White "Sargissian, Gabriel"]
[Black "Chanda, Sandipan"]
[Result "1/2-1/2"]
[WhiteElo "2689"]
[BlackElo "2552"]
[Annotator "TA"]
[PlyCount "149"]
[EventDate "2020.02.19"]
[EventType "swiss"]
[EventCountry "RUS"]
[SourceTitle "playchess.com"]
[Source "ChessBase"]
[SourceQuality "1"]

{[%evp 15,149,27,31,27,22,18,25,9,8,9,20,4,36,44,50,39,33,19,35,33,41,12,11,10,25,8,66,67,59,70,81,80,74,75,70,74,73,52,93,18,25,16,36,38,45,-77,-88,-97,-91,-104,-102,-96,-100,-81,-96,-97,-94,-97,0,0,0,-13,-13,-13,-11,-25,-12,-13,-13,-16,-22,-18,-32,-76,-54,-59,-44,-41,-52,-72,-83,-67,-64,-88,-78,-140,-140,-140,-140,-140,-140,-140,-140,-140,-140,-139,-140,-140,-106,-233,-140,-140,-140,-117,-102,-128,-86,-101,0,0,0,0,0,0,0,0,0,0,0,0,0,0,0,0,0,0,0,0,0,0,0,0,0,0,0,0]} 1. d4 f5 2. c4 Nf6 3. Nf3 e6 4. g3 g6 5. Bg2 Bg7 6. O-O O-O 7. Nc3 d5 8. Bg5 c6 {[#]} 9. Qc1 $146 {A87: Dutch Defence: Leningrad System: 5 Nf3.} ({Predecessor:} 9. e3 Nbd7 10. Rc1 Qe8 11. Bf4 Ne4 12. Be5 Nxe5 13. Nxe5 Nxc3 14. Rxc3 Bxe5 15. dxe5 b6 16. cxd5 cxd5 {1-0 (49) Debashis,D (2501)-Sandipan,C (2579) Caleta 2018}) 9... Nbd7 10. Rd1 Qe8 11. Bh6 {White has an edge.} Bxh6 12. Qxh6 Qe7 13. Rac1 b6 14. Qe3 Ba6 15. cxd5 cxd5 16. Ng5 {Hoping for Nxd5!} Rae8 17. h4 Qd6 18. Bf3 Ne4 19. Kg2 Ndf6 20. Nh3 Ng4 ({Black should play} 20... Qe7 $11) 21. Bxg4 $14 fxg4 22. Nf4 Nxc3 23. Qxc3 ({Much worse is} 23. Rxc3 $6 e5 $11) 23... e5 24. dxe5 Rxe5 25. e3 Qf6 26. Kg1 Be2 27. Rd2 (27. Rxd5 $16 Rxd5 28. Qxf6 Rxf6 29. Rc8+ (29. Nxd5 Rd6 $14) 29... Kg7 30. Nxd5) 27... Bf3 $11 28. Kf1 g5 29. hxg5 Qxg5 30. Rd4 (30. Ke1 $14 {keeps the upper hand.}) 30... Qh6 $36 {[%cal Rh6h1][%mdl 2048] Black is in control.} 31. Ke1 Qh2 {( -> ...Qg1+)} 32. Qd3 {[#]} Qg1+ $1 33. Qf1 {[#]} Rxe3+ $1 {[%mdl 512]} 34. Kd2 (34. fxe3 Qxe3+) 34... Qxf1 35. Rxf1 Re5 36. Rc1 Rfe8 (36... h5 $17 37. Rc6 Be4) 37. Rd3 $11 R8e7 38. Re3 Rxe3 39. fxe3 {[%mdl 4096] Endgame KRB-KRN} Kf7 40. Rc8 Kf6 41. Rf8+ Ke5 42. Nd3+ Kd6 43. Nf4 Be4 44. Rg8 Rc7 45. Nd3 Bg6 46. Rd8+ Ke6 47. Nf4+ Ke7 48. Rxd5 Rc2+ 49. Ke1 $1 Rxb2 50. Nxg6+ (50. a4 $142) 50... hxg6 $17 {KR-KR} 51. a4 Rg2 52. Rd4 Rxg3 53. Kf2 Rf3+ 54. Ke2 Rf5 55. Rxg4 g5 56. Rd4 Ke6 57. Rd8 (57. Re4+ $17 {was called for.} Re5 58. Rb4) 57... Ra5 58. Rd4 Rd5 {Strongly threatening ...Rxd4.} 59. Rc4 Kd6 60. Kf3 a6 61. Rc8 Kd7 (61... Ra5 $17 62. Rd8+ Kc6 63. Rc8+ Kd7) 62. Rg8 $11 {The position is equal.} Kc6 63. e4 Rd3+ 64. Kg4 Rd4 65. Rg6+ Kc7 66. Rg7+ Kd6 67. Kf5 Rxa4 {aiming for ...Ra5+.} 68. e5+ Kc6 69. Rxg5 b5 70. e6 Ra1 {Threatens to win with ...Rf1+.} 71. Rg8 Kd6 {And now ...Rf1+ would win.} 72. Rd8+ Ke7 73. Rd7+ Ke8 74. Rb7 Rf1+ 75. Ke4 {Accuracy: White = 82%, Black = 87%.} 1/2-1/2

[Event "18th Aeroflot Open-A 2020"]
[Site "Moscow"]
[Date "2020.02.20"]
[Round "2.14"]
[White "Sjugirov, Sanan"]
[Black "Sivuk, Vitaly"]
[Result "1-0"]
[WhiteElo "2674"]
[BlackElo "2557"]
[Annotator "TA"]
[PlyCount "101"]
[EventDate "2020.02.19"]
[EventType "swiss"]
[EventCountry "RUS"]
[SourceTitle "playchess.com"]
[Source "ChessBase"]
[SourceQuality "1"]

{[%evp 17,101,26,27,26,17,14,34,35,42,47,59,42,41,55,81,66,95,86,108,87,116,110,116,117,117,120,110,117,114,104,130,113,120,111,144,146,138,133,143,156,166,174,166,154,164,101,164,164,166,161,195,203,205,215,343,335,321,354,379,389,449,456,464,441,417,377,378,371,735,313,293,0,768,735,747,739,1289,1225,29988,29989,29989,29990,29990,29991,29991,29992]} 1. d4 d5 2. c4 e6 3. Nf3 Nf6 4. g3 Be7 5. Bg2 O-O 6. O-O dxc4 7. Qc2 c6 8. Qxc4 b5 9. Qc2 Bb7 10. Nc3 {D30: Queen's Gambit Declined: Systems without Nc3.} Nbd7 11. Ne5 Rc8 12. Rd1 {[#] White is slightly better.} Qc7 $146 ({Predecessor:} 12... Bd6 13. Be3 Ba6 14. Bg5 Re8 15. Nxd7 Qxd7 16. Bxf6 gxf6 17. Ne4 c5 18. Nxc5 {½-½ (18) Efimenko,Z (2632)-Enchev,I (2492) Wunsiedel 2018}) 13. Nxd7 Nxd7 14. Bf4 Qb6 $1 15. Be3 $36 {[%mdl 2048] White has some pressure.} Qa6 16. Ne4 Rfd8 17. a3 h6 18. Rac1 Qa5 19. Bd2 Qc7 20. Bf4 Qb6 21. Nd6 Bxd6 22. Bxd6 a5 23. b3 {[%cal Bb2b3,Bb3b4][%mdl 32]} Qa6 24. e3 a4 25. b4 Nb6 26. Bc5 Nc4 27. Qc3 Qa8 28. e4 Rd7 29. e5 Re8 30. Be4 Qd8 {[#] intending ...Nxe5.} 31. Re1 ({Better is} 31. f4 $1 $18) 31... f5 (31... g6 $16 32. h4 h5) 32. exf6 $1 $18 Qxf6 33. f4 Nd6 34. Bb1 Nf5 {[%cal Rf5d4]} 35. Re5 {And now Bxf5 would win.} Rd5 (35... g6 {keeps fighting.} 36. Ba2 Rg7) 36. Rce1 {Strongly threatening Bxf5.} Rxe5 37. dxe5 ({Less strong is} 37. fxe5 Qg5 $16) 37... Qg6 38. Qf3 Rd8 39. g4 h5 {[#]} 40. h3 $1 Rd2 41. Be4 hxg4 42. hxg4 Nh4 $2 (42... Bc8 43. Kf1 Bd7) 43. Qg3 (43. Qh3 $142 Nf5 44. Be3) 43... Nf5 {If Black can now play ...Re2 this consolidates a bit.} 44. Qf3 $2 (44. Qh3) 44... Nh4 45. Qh3 Nf5 46. Be3 Ra2 47. Rd1 Rxa3 48. Rd8+ {White mates.} Kf7 {[#]} 49. Bc5 $1 {[%csl Gc5][%cal Rd8f8][%mdl 512]} Ra1+ 50. Kf2 {[%csl Gc5][%cal Rd8f8]} Ra2+ 51. Ke1 {Accuracy: White = 90%, Black = 56%.} 1-0

[Event "18th Aeroflot Open-A 2020"]
[Site "Moscow"]
[Date "2020.02.20"]
[Round "2.15"]
[White "Aryan Chopra"]
[Black "Rakhmanov, Aleksandr"]
[Result "1/2-1/2"]
[WhiteElo "2562"]
[BlackElo "2645"]
[Annotator "TA"]
[PlyCount "70"]
[EventDate "2020.02.19"]
[EventType "swiss"]
[EventCountry "RUS"]
[SourceTitle "playchess.com"]
[Source "ChessBase"]
[SourceQuality "1"]

{[%evp 13,70,34,29,31,32,39,45,50,45,37,50,39,34,17,27,38,45,15,23,4,8,-14,37,33,50,41,38,40,33,34,40,40,33,14,24,0,0,0,0,-10,-15,-33,0,-9,0,0,0,0,0,0,0,0,0,0,0,0,0,-5,-5]} 1. e4 e5 2. Nf3 Nf6 3. Nxe5 d6 4. Nf3 Nxe4 5. Nc3 Nf6 6. d4 Be7 7. Bd3 O-O 8. O-O {C42: Petroff Defence: 3 Nxe5 and unusual White 3rd moves.} Re8 {8...Nc6 is the modern continuation.} 9. h3 h6 10. Re1 {White is slightly better.} Bf8 11. Rxe8 Qxe8 12. Bf4 Be6 {[#]} 13. Qe2 $146 ({Predecessor:} 13. Qd2 Qd7 14. Ne4 Nxe4 15. Bxe4 d5 16. Bd3 Nc6 17. c3 a6 18. Re1 Rc8 19. b4 {½-½ (30) Esipenko,A (2636)-Rakhmanov,A (2638) Budva 2019}) 13... Nbd7 14. Re1 {[#] Strongly threatening d5!} Qc8 15. Nd2 Qd8 16. Bg3 c6 17. f4 Qa5 (17... Qb6 $11) 18. Qf2 $14 Re8 19. f5 Bd5 $1 20. Rxe8 Nxe8 21. Nxd5 Qxd5 22. Nb3 {[#] aiming for c4.} c5 $1 {[%cal Rc5c4] ...c4 is the strong threat.} 23. Qe2 {Threatens to win with Be4.} Nef6 24. Bf2 b6 25. a4 Qa8 26. Bb5 d5 27. c4 a6 28. Bxd7 $1 {The position is equal.} Nxd7 29. Qf3 Qc6 30. dxc5 ({Of course not} 30. cxd5 Qxa4 31. dxc5 bxc5 $17) 30... Nxc5 31. Nxc5 Bxc5 32. Qxd5 Bxf2+ 33. Kxf2 Qxa4 $11 {KQ-KQ} 34. Qd8+ Kh7 {Hoping for ...Qc2+.} 35. Qxb6 Qxc4 {Accuracy: White = 95%, Black = 96%.} 1/2-1/2

[Event "18th Aeroflot Open-A 2020"]
[Site "Moscow"]
[Date "2020.02.20"]
[Round "2.16"]
[White "Moroni, Luca Jr"]
[Black "Riazantsev, Alexander"]
[Result "1/2-1/2"]
[WhiteElo "2536"]
[BlackElo "2639"]
[Annotator "TA"]
[PlyCount "111"]
[EventDate "2020.02.19"]
[EventType "swiss"]
[EventCountry "RUS"]
[SourceTitle "playchess.com"]
[Source "ChessBase"]
[SourceQuality "1"]

{[%evp 9,111,16,56,56,58,54,60,39,60,53,107,77,95,88,80,84,79,74,87,77,195,181,208,193,175,120,120,79,74,79,79,66,63,75,78,73,88,67,66,50,68,66,68,62,55,54,75,68,72,75,68,64,75,76,89,83,89,86,97,97,97,97,97,97,100,100,94,94,94,95,108,14,14,14,44,1,0,0,0,0,0,3,192,192,192,192,192,192,192,192,192,8,192,192,192,192,192,192,192,0,192,192,192,192]} 1. c4 e6 2. Nc3 d5 3. d4 Bb4 4. Nf3 dxc4 5. Bg5 f6 {[#]} 6. Bd2 $146 {D31: Queen's Gambit Declined: Semi-Slav without ...Nf6 (+ Marshall Gambit and Noteboom) and Exchange Variation lines without ...Nf6.} ({Predecessor:} 6. Bf4 Nc6 7. e3 Na5 8. a3 Nb3 9. axb4 Nxa1 10. Qxa1 Ne7 11. Bxc4 c6 12. O-O Bd7 {1-0 (22) Dantas,I-Da Silva,F Natal 2010}) 6... a6 7. e3 b5 8. a4 {White is slightly better.} Bxc3 9. Bxc3 {Hoping for axb5.} Qd5 (9... Bb7 $14) 10. Nd2 $16 Bb7 11. axb5 axb5 12. Rxa8 Bxa8 13. b3 $1 {[%cal Rb3c4]} cxb3 14. e4 Qb7 (14... Qd7 $16 {might work better.}) 15. Qxb3 $18 Kf7 16. Bxb5 Ne7 {[#]} 17. O-O ({Better is} 17. f4 $1 $18) 17... c6 $16 18. Nc4 Nc8 19. Ba4 Qxb3 20. Bxb3 {And now Ra1 would win.} c5 $1 21. f3 cxd4 22. Bxd4 Rd8 23. Be3 Nc6 24. Bc5 Nd4 25. Rd1 Ne2+ 26. Kf2 Rxd1 27. Bxd1 Nf4 28. Ba3 Bc6 29. g3 Ng6 30. Bb3 Nge7 31. Ke3 Bd7 32. Kd4 Nc6+ 33. Kc5 Nd8 34. Nd6+ Nxd6 35. Kxd6 {[%mdl 4096] Endgame KBB-KBN} Ke8 36. f4 Nb7+ 37. Kc7 Na5 38. Ba2 Nc6 39. Bc5 Ne7 40. g4 (40. Bc4 $16) 40... Ng6 $11 41. Be3 Ke7 42. f5 exf5 $1 43. gxf5 Ne5 44. Bc5+ Ke8 45. Bd6 {aiming for Bxe5.} Ba4 $2 {[#]} (45... Nf3 $11) 46. Bxe5 $1 $18 fxe5 {KB-KB} 47. Kd6 Bc2 48. Bd5 Kf8 49. Kxe5 {Ke6 is the strong threat.} Ke7 50. Kf4 $2 ({White should play} 50. Bg8 $18 h6 51. Kf4) 50... h6 $2 (50... Bxe4 $1 $11 51. Bxe4 (51. Kxe4 Kf6 $11) 51... Kf6) 51. e5 Bd3 52. Be4 Be2 53. Bf3 Bd3 54. Be4 Be2 $1 55. Kg3 Bd1 56. Kh4 {Accuracy: White = 83%, Black = 78%.} 1/2-1/2

[Event "18th Aeroflot Open-A 2020"]
[Site "Moscow"]
[Date "2020.02.20"]
[Round "2.17"]
[White "Narayanan.S.L"]
[Black "Kulaots, Kaido"]
[Result "1/2-1/2"]
[WhiteElo "2637"]
[BlackElo "2510"]
[Annotator "TA"]
[PlyCount "95"]
[EventDate "2020.02.19"]
[EventType "swiss"]
[EventCountry "RUS"]
[SourceTitle "playchess.com"]
[Source "ChessBase"]
[SourceQuality "1"]

{[%evp 20,95,14,9,17,5,16,6,19,12,23,0,54,35,37,10,65,62,76,60,72,78,79,75,78,80,70,56,60,37,53,27,28,22,23,23,23,23,23,23,25,17,39,22,23,18,21,16,19,0,22,22,41,41,43,11,10,10,15,0,0,5,8,0,2,0,0,0,0,0,0,0,0,0,0,0,0,8]} 1. d4 Nf6 2. c4 g6 3. Nc3 d5 4. cxd5 Nxd5 5. e4 Nxc3 6. bxc3 Bg7 7. Be3 c5 8. Rc1 Qa5 9. Qd2 cxd4 10. cxd4 Qxd2+ 11. Bxd2 O-O {D85: Exchange Grünfeld: Unusual White 7th moves and lines with 7 Nf3.} 12. Nf3 Bg4 13. Be3 Rd8 14. Bb5 {[#]} a6 $146 ({Predecessor:} 14... Nc6 15. Bxc6 bxc6 16. Ne5 Bxe5 17. dxe5 Rab8 18. f3 Be6 19. Bxa7 Rb2 20. O-O Rxa2 {½-½ (59) Docx,S (2468)-Dvirnyy,D (2574) Caleta 2014}) 15. Ba4 Bd7 ({Black should try} 15... Bxf3 $11 16. gxf3 Bxd4) 16. Bxd7 $1 $14 Nxd7 17. Rc7 b5 (17... e5 $11) 18. Ke2 $1 Nf6 {[#]} 19. Kd3 $1 ({Much weaker is} 19. Rxe7 $6 Bf8 $11) 19... Kf8 20. Rhc1 Ne8 21. R7c6 Nd6 22. Nd2 Ke8 23. d5 e6 24. dxe6 fxe6 25. Ke2 Rdc8 $1 26. Rc7 Bf6 27. R1c6 {next Rxc8+ is good for White.} (27. Kd3 {with more complications.} Bd8 28. Rxc8 Rxc8 29. Rxc8 Nxc8 30. Nb3) 27... Rxc7 28. Rxc7 Rc8 29. Rxc8+ Nxc8 $11 {[%mdl 4096] Endgame KBN-KBN} 30. Nb3 Be7 31. f4 Kd7 32. Kd3 Kc6 33. Nd4+ Kd7 34. Nb3 Kc6 35. g4 Bd6 36. Nd4+ Kd7 37. Nf3 (37. e5 $5 {[%cal Re5d6]} Bb4 38. Ke4 $14) 37... Ne7 {The position is equal.} 38. Ng5 {Threatens to win with e5.} h5 39. h3 hxg4 40. hxg4 Nc6 41. Bd2 Ke7 42. f5 Ne5+ 43. Ke2 exf5 44. exf5 gxf5 45. gxf5 Nc4 46. Bc3 Be5 47. Bxe5 Nxe5 48. Ne4 {Accuracy: White = 97%, Black = 94%.} 1/2-1/2

[Event "18th Aeroflot Open-A 2020"]
[Site "Moscow"]
[Date "2020.02.20"]
[Round "2.18"]
[White "Martirosyan, Haik M."]
[Black "Stupak, Kirill"]
[Result "1/2-1/2"]
[WhiteElo "2630"]
[BlackElo "2518"]
[Annotator "TA"]
[PlyCount "42"]
[EventDate "2020.02.19"]
[EventType "swiss"]
[EventCountry "RUS"]
[SourceTitle "playchess.com"]
[Source "ChessBase"]
[SourceQuality "1"]

{[%evp 12,42,29,31,31,33,33,27,27,22,22,23,27,27,33,35,29,0,0,0,0,0,12,9,12,10,12,10,10,3,7,0,0]} 1. e4 e6 2. d4 d5 3. Nd2 c5 4. exd5 exd5 5. Ngf3 Nc6 6. Bb5 Qe7+ 7. Be2 Qc7 {C09: French Tarrasch: 3...c5 4 exd5 exd5 5 Ngf3 Nc6.} 8. dxc5 Bxc5 9. O-O Nf6 {White has an edge.} 10. Nb3 Be7 11. Bg5 O-O 12. c3 Be6 13. Nbd4 Rae8 {[#]} 14. Bd3 $146 ({Predecessor:} 14. Re1 h6 15. Bh4 Ne4 16. Bxe7 Rxe7 17. Bd3 Bg4 18. Qb3 Rd8 19. h3 Bh5 20. Qc2 {½-½ (76) Mista,A (2606)-Wojtaszek,R (2734) Poland 2017}) 14... Nxd4 {The position is equal.} 15. Nxd4 Ng4 {[%csl Gg4][%cal Rc7h2] [#]} 16. g3 Bxg5 17. Nxe6 Rxe6 18. Qxg4 Bf6 19. Qf5 {[%csl Gd3][%cal Rf5h7] [#]} g6 20. Qxd5 Rd8 21. Qf3 Qc6 {Accuracy: White = 90%, Black = 100%.} 1/2-1/2

[Event "18th Aeroflot Open-A 2020"]
[Site "Moscow"]
[Date "2020.02.20"]
[Round "2.19"]
[White "Iljiushenok, Ilia"]
[Black "Paravyan, David"]
[Result "0-1"]
[WhiteElo "2519"]
[BlackElo "2629"]
[Annotator "TA"]
[PlyCount "102"]
[EventDate "2020.02.19"]
[EventType "swiss"]
[EventCountry "RUS"]
[SourceTitle "playchess.com"]
[Source "ChessBase"]
[SourceQuality "1"]

{[%evp 9,102,14,24,20,18,14,17,0,0,-14,-6,-21,0,2,0,0,0,0,7,-21,-29,-21,-22,-34,-17,-16,-16,-19,-26,-25,-19,-14,-2,-10,-16,-14,14,0,18,12,0,-9,-9,-22,-15,-26,-22,-21,-7,-6,-22,-13,0,-41,-18,-170,-173,-150,-166,-158,-160,-166,-158,-256,-247,-560,-523,-812,-555,-545,-535,-584,-562,-576,-575,-663,-660,-650,-627,-663,-652,-635,-635,-778,-778,-1957,-1890,-5926,-5631,-2297,-2179,-1655,-1423,-1902,-1174]} 1. e4 e5 2. Nf3 Nc6 3. Bb5 Nf6 4. d3 Bc5 5. Bxc6 dxc6 6. Nbd2 {C65: Ruy Lopez: Berlin Defence (3...Nf6), unusual lines and 4 0-0 Bc5.} Nd7 7. Nc4 f6 $1 {[%mdl 4] is recently more successful than 7...0-0. Played by Giri in January 2020.} 8. Qe2 {The position is equal.} (8. O-O {looks sharper.} O-O 9. Qe1 Nb6 10. Be3 Bd6 11. Nfd2) 8... Nf8 9. Be3 Bxe3 {[#]} 10. Qxe3 $146 ({Predecessor:} 10. Nxe3 Ne6 11. O-O-O c5 12. g3 Nd4 13. Nxd4 cxd4 14. Ng2 Be6 15. Kb1 Qe7 16. f4 {½-½ (36) Anand,V (2757)-So,W (2760) Bucharest 2019}) 10... Be6 11. Ncd2 Qd6 12. d4 exd4 13. Nxd4 O-O-O 14. N4b3 b6 15. O-O-O Ng6 16. g3 c5 17. Nb1 Qc6 18. Nc3 a5 {[%cal Ba7a5,Ba5a4][%mdl 32]} 19. Qe2 Kb7 20. f4 a4 21. Nd2 {aiming for f5.} Rhe8 22. a3 Nf8 23. Nc4 Bf7 24. Rxd8 Rxd8 25. Rd1 Rxd1+ 26. Nxd1 Ne6 {Strongly threatening ...Nd4.} 27. Qd3 Nd4 {White must now prevent ...Bxc4.} 28. Nd2 Qd7 29. Nf2 Qe6 30. c3 Nc6 31. Nd1 g5 32. Ne3 $2 {Loses the game.} (32. Nf2 $11 {and White is okay.}) 32... gxf4 $19 33. gxf4 Qh3 34. Qe2 {[#]} Qh4 $1 35. Nd5 {[#]} f5 $1 {[%mdl 512]} 36. Nf3 (36. Ne3 $17 {might work better.}) (36. exf5 Bxd5) 36... Qg4 37. Qe3 $2 (37. h3 Qg3 38. Ng5) 37... Bh5 {Black is clearly winning.} 38. exf5 Qxf3 39. Qxf3 Bxf3 40. Nf6 Ne7 41. Nxh7 {Threatening f6.} Nxf5 42. Ng5 Bd5 43. Kd2 Kc6 44. Nh3 Kd7 45. Nf2 Ke6 46. Ng4 Nd6 47. h4 Nc4+ 48. Kc1 Kf5 49. Nf2 Kxf4 50. h5 Kg5 51. Nd3 c6 {Accuracy: White = 56%, Black = 90%.} 0-1

[Event "18th Aeroflot Open-A 2020"]
[Site "Moscow"]
[Date "2020.02.20"]
[Round "2.20"]
[White "Lobanov, Sergei"]
[Black "Deac, Bogdan-Daniel"]
[Result "0-1"]
[WhiteElo "2507"]
[BlackElo "2626"]
[Annotator "TA"]
[PlyCount "86"]
[EventDate "2020.02.19"]
[EventType "swiss"]
[EventCountry "RUS"]
[SourceTitle "playchess.com"]
[Source "ChessBase"]
[SourceQuality "1"]

{[%evp 18,86,22,21,24,11,8,5,8,0,-8,0,-2,-8,-11,-21,0,-18,-3,-19,-14,-15,-26,-19,-34,-31,-47,-47,-47,-53,-31,-16,-51,-69,14,33,23,0,0,0,0,-16,-11,-38,-42,-72,-71,-80,-80,-97,-94,-92,-88,-104,-89,-179,-193,-175,-111,-270,-260,-258,-283,-270,-283,-275,-251,-356,-198,-197,-202]} 1. e4 e5 2. Nf3 Nc6 3. Bb5 Nf6 4. O-O Nxe4 5. Re1 Nd6 6. Nxe5 Be7 7. Bf1 Nxe5 8. Rxe5 O-O 9. d4 Bf6 10. Re1 Re8 {C67: Ruy Lopez: Berlin Defence: 4 0-0 Nxe4.} 11. Rxe8+ Nxe8 12. d5 d6 {The position is equal.} 13. Bd3 c6 {[#]} 14. dxc6 $146 ({Predecessor:} 14. Be4 Qb6 15. Na3 Qb4 16. Bf3 Bxb2 17. Rb1 Qxa3 18. Bxb2 Qxa2 19. dxc6 bxc6 20. Bxc6 {½-½ (35) Gazel Pereira,F (2300)-Martins Jr Sobrinho,M (1838) Florianopolis 2016}) 14... bxc6 15. Nd2 d5 16. Nb3 Qd6 17. Qf3 Be5 18. h3 Nc7 19. c3 c5 {[%cal Bc6c5,Bc5c4][%mdl 32]} 20. Bf1 Rb8 21. Be3 c4 22. Bxa7 Rb7 $1 {[%cal Rb7a7]} 23. Bc5 Qf6 $1 {[%cal Rf6f3]} 24. Nd4 Rxb2 25. Qe3 {Hoping for Re1.} Qf4 ({Better is} 25... Ne6 $15 26. Nxe6 fxe6) 26. Qxf4 $11 Bxf4 27. Ba3 Rb7 28. Bb4 Bd7 29. g3 Be5 $36 {[%mdl 2048] Strongly threatening ...Bxd4. White is under pressure.} 30. Nf3 Bf6 {And now ...Rxb4! would win.} 31. Rc1 Ra7 32. a3 Nb5 $1 33. Bc5 Ra5 34. Bb4 Ra4 $1 35. Bg2 Be6 36. Nd2 (36. Kf1 $17) 36... Nxa3 $19 37. f4 d4 (37... g6 $19 38. g4 Rxb4 $1 {[%mdl 512]} 39. cxb4 Bb2) 38. Be4 $2 {This costs White the game.} (38. Ne4 $17 d3 39. Bc5) 38... dxc3 (38... Bxh3 39. Bc6 $17) 39. Bxc3 Bxc3 ({Less strong is} 39... Bxh3 40. Bxf6 gxf6 41. Kf2 $17) 40. Rxc3 Nb5 ({Weaker is} 40... Bxh3 41. Bc6 $17) 41. Re3 g6 ({Inferior is} 41... Bxh3 {[#]} 42. Bc6 $1 $11 {[%mdl 512]}) 42. Kf2 (42. Nf3 {was called for.}) 42... Bxh3 (42... Ra2 $142 43. Ke1 c3) 43. Bc6 Ra2 {Accuracy: White = 75%, Black = 81%.} 0-1

[Event "18th Aeroflot Open-A 2020"]
[Site "Moscow"]
[Date "2020.02.20"]
[Round "2.21"]
[White "Jobava, Baadur"]
[Black "Kozionov, Kirill"]
[Result "1-0"]
[WhiteElo "2620"]
[BlackElo "2466"]
[Annotator "TA"]
[PlyCount "65"]
[EventDate "2020.02.19"]
[EventType "swiss"]
[EventCountry "RUS"]
[SourceTitle "playchess.com"]
[Source "ChessBase"]
[SourceQuality "1"]

{[%evp 16,65,21,30,22,8,15,26,38,38,41,47,45,26,51,45,50,49,45,51,60,41,75,25,82,74,98,88,104,105,128,125,132,132,315,314,318,314,343,326,334,286,502,498,481,472,595,570,525,366,367,349]} 1. d4 Nf6 2. c4 g6 3. Nc3 Bg7 4. g3 O-O 5. Bg2 d6 6. Nf3 Nc6 7. d5 Na5 8. b3 {[%cal Bb2b3,Bb3b4][%mdl 32]} a6 9. O-O Rb8 {E63: King's Indian: Fianchetto: Panno Variation with 7...a6.} 10. Nd4 Bd7 11. Bg5 $5 {[%mdl 4] A promising side line.} b5 {White has an edge.} 12. cxb5 axb5 {[#]} 13. b4 $146 ({Predecessor:} 13. Rc1 b4 14. Bxf6 Bxf6 15. Ne4 Bg7 16. f4 e5 17. dxe6 fxe6 18. Ng5 Bxd4+ 19. Qxd4 {1-0 (39) Mironenko,G (2006)-Pavalachandran,A (1381) Pocos de Caldas 2017}) 13... Nc4 14. Qc1 Ng4 15. Ncxb5 $1 Bxb5 16. Nxb5 Bxa1 17. Qxc4 Bf6 {Hoping for ...Ne5.} 18. Bxf6 Nxf6 19. Bh3 Rb7 (19... Rb6 $11 {remains equal.}) 20. a4 {[%cal Ba2a4,Ba4a5][%mdl 1056] White has strong compensation.} Qa8 {[#]} 21. Nc3 $1 Rfb8 22. Rb1 Qa7 23. e3 Ra8 24. a5 Qa6 $2 (24... Rbb8 $16) 25. Qxa6 $18 {[%mdl 64] [#] Overworked Piece} Rxa6 26. Bc8 {[%mdl 64] Skewer} Rba7 27. Bxa6 Rxa6 {[%mdl 4096] Endgame KRN-KRN} 28. e4 Ra8 $2 (28... Kf8 29. Rc1 Ke8) 29. Nb5 Ne8 30. Rc1 Rb8 31. a6 Ra8 32. a7 Kf8 33. Kg2 {White took control after the opening. Accuracy: White = 85%, Black = 57%.} 1-0

[Event "18th Aeroflot Open-A 2020"]
[Site "Moscow"]
[Date "2020.02.20"]
[Round "2.22"]
[White "Zanan, Evgeny"]
[Black "Chigaev, Maksim"]
[Result "1-0"]
[WhiteElo "2500"]
[BlackElo "2616"]
[Annotator "TA"]
[PlyCount "93"]
[EventDate "2020.02.19"]
[EventType "swiss"]
[EventCountry "RUS"]
[SourceTitle "playchess.com"]
[Source "ChessBase"]
[SourceQuality "1"]

{[%evp 29,93,8,25,14,28,28,27,20,24,26,39,57,60,10,10,10,11,11,22,0,58,0,0,0,0,0,-22,-7,27,17,26,-67,41,35,42,53,81,77,62,64,77,60,117,115,235,214,235,237,224,132,137,153,152,119,297,312,302,300,459,450,428,265,529,498,575,586]} 1. e4 e5 2. Nf3 Nc6 3. Bb5 a6 4. Ba4 Nf6 5. O-O Be7 6. Re1 b5 7. Bb3 d6 8. c3 O-O 9. h3 Re8 10. d4 Bb7 11. Nbd2 Bf8 12. a3 h6 13. Bc2 Nb8 14. b4 Nbd7 15. Bb2 c5 16. d5 {C93: Closed Ruy Lopez: Smyslov Variation.} a5 17. bxa5 Qxa5 18. c4 {White has an edge.} Ba6 19. cxb5 Bxb5 20. a4 Ba6 {[#]} 21. Nb3 $146 ({Predecessor:} 21. Bb3 Nb6 22. Qc2 c4 23. Bc3 Qc5 24. Ba2 Nbd7 25. Rab1 Rec8 26. Bb4 Qa7 27. Re3 {½-½ (47) Jonsson,D (2519)-Churkin,M (2493) ICCF email 2013}) 21... Qc7 $1 22. Bc3 c4 23. Na5 Nc5 24. Nc6 Nfd7 (24... Bb7 $11) 25. Qd2 ({White should play} 25. Nd2 $14) 25... Nd3 $11 26. Bxd3 cxd3 27. Ba5 Qc8 28. Bb4 $36 {[%mdl 2048] White has the initiative.} Nf6 (28... f5 $5) 29. Qe3 Nh5 30. Red1 (30. Nh4 $11) 30... Nf4 (30... f5 $1 $15 31. Nd2 Nf4) 31. Ne1 $1 $14 f5 32. Nxd3 Nxd3 33. Rxd3 Bxd3 34. Qxd3 fxe4 35. Qxe4 Kh8 (35... Qa6 $1 $14) 36. a5 $16 {[%mdl 1024] White has strong compensation.} Qa6 (36... Qb7 $16) 37. Bd2 Be7 38. Rb1 Bf6 {[#]} 39. Rb6 (39. Rb4 $1 $18) 39... Qc8 40. Be3 Rf8 41. Qd3 Bg5 $2 {This costs Black the game.} (41... Bd8 $16) 42. Bxg5 $18 hxg5 43. a6 Qe8 (43... e4 $142 44. Qe2 (44. Qxe4 Rxa6 45. Rb8 Qxb8 $16) 44... Qe8) 44. Rb7 e4 {[#]} 45. Qc3 $1 {[%csl Gb7][%cal Rc3g7][%mdl 512]} Rf7 $2 (45... Qg6 {keeps fighting.}) 46. Qe3 Kh7 47. Qxg5 {Accuracy: White = 72%, Black = 49%.} 1-0